[Event "Chigorin Memorial 27th"]
[Site "St Petersburg"]
[Date "2019.10.07"]
[Round "3"]
[White "Yurasova, Daria"]
[Black "Dmitriev, Vladimir"]
[Result "1-0"]
[WhiteElo "2168"]
[BlackElo "1951"]
[PlyCount "71"]
[EventDate "2019.10.05"]
[EventType "swiss"]
[EventRounds "9"]
[EventCountry "RUS"]
[SourceTitle "EXT 2020"]
[Source "ChessBase"]
[SourceDate "2019.10.17"]
[SourceVersion "1"]
[SourceVersionDate "2019.10.17"]
[SourceQuality "1"]

1. Nf3 d5 2. g3 Nf6 3. Bg2 Bf5 4. 0-0 Qc8 5. c4 Bh3 6. Nc3 Bxg2 7. Kxg2 dxc4 8. Qa4+ Nc6 9. Qxc4 e5 10. b4 Bxb4 11. Nxe5 Nxe5 12. Qxb4 c5 13. Qf4 Ng6 14. Qe3+ Kf8 15. Ba3 Qc6+ 16. Kg1 b6 17. d4 h5 18. dxc5 b5 19. Rad1 Ng4 20. Qf3 Qc8 21. Nxb5 N4e5 22. Qe4 Rb8 23. c6+ Kg8 24. Nxa7 Qh3 25. c7 Re8 26. Rd8 Kh7 27. c8Q Ng4 28. Qg2 Qxg2+ 29. Kxg2 Rxd8 30. Qf5 Nf6 31. Nc6 Rd5 32. Qb1 h4 33. Ne7 Rh5 34. Nxg6 fxg6 35. Be7 Nd5 36. Bxh4 1-0

[Event "Chigorin Memorial 27th"]
[Site "St Petersburg"]
[Date "2019.10.06"]
[Round "2"]
[White "Dmitriev, Vladimir"]
[Black "Reger, Valeriia"]
[Result "1-0"]
[WhiteElo "1951"]
[BlackElo "1599"]
[PlyCount "127"]
[EventDate "2019.10.05"]
[EventType "swiss"]
[EventRounds "9"]
[EventCountry "RUS"]
[SourceTitle "EXT 2020"]
[Source "ChessBase"]
[SourceDate "2019.10.17"]
[SourceVersion "1"]
[SourceVersionDate "2019.10.17"]
[SourceQuality "1"]

1. e4 e6 2. d4 d5 3. Nd2 c5 4. c3 Nc6 5. Bb5 cxd4 6. cxd4 Qb6 7. Qa4 Bd7 8. exd5 exd5 9. Ngf3 a6 10. Bxc6 Bxc6 11. Qc2 Bb5 12. a4 Qe6+ 13. Ne5 Rc8 14. Qb3 Bc4 15. Qe3 a5 16. Ndxc4 dxc4 17. 0-0 Bb4 18. d5 Qe7 19. Bd2 f6 20. Bxb4 axb4 21. d6 Qxe5 22. Qh3 Kd8 23. Rfe1 c3 24. Rxe5 fxe5 25. Qe6 cxb2 26. Re1 Rc1 27. Qxe5 Nf6 28. Qa5+ Kd7 29. Qb5+ Kc8 30. Qf1 Rc2 31. h3 Kb8 32. Kh2 Rhc8 33. Rb1 Rc1 34. Qd3 R8c2 35. f4 Nd7 36. Qxh7 Ka7 37. Qd3 Nc5 38. Qd4 Rxb1 39. d7 Rh1+ 40. Kxh1 b1Q+ 41. Kh2 Qf1 42. Kg3 Qxg2+ 43. Kh4 Qd2 44. d8Q Qxd4 45. Qxd4 b3 46. a5 b2 47. Qb4 Na4 48. a6 b6 49. Qe4 Rc7 50. Qb4 Rc1 51. Qe4 Nc5 52. Qe7+ Kxa6 53. Qe2+ Nd3 54. Qxd3+ Kb7 55. Qe4+ Ka6 56. Qe2+ b5 57. Qxb2 Rc4 58. Kg5 b4 59. f5 Kb5 60. Qxg7 b3 61. Qb7+ Ka4 62. f6 Rc2 63. f7 b2 64. f8Q 1-0

[Event "St Petersburg Korchnoi Memorial op"]
[Site "St Petersburg"]
[Date "2019.08.14"]
[Round "1"]
[White "Dmitriev, Vladimir"]
[Black "Gasanov, Eldar"]
[Result "0-1"]
[WhiteElo "1992"]
[BlackElo "2475"]
[PlyCount "86"]
[EventDate "2019.08.14"]
[EventType "swiss"]
[EventRounds "9"]
[EventCountry "RUS"]
[SourceTitle "CBM 192"]
[Source "ChessBase"]
[SourceDate "2019.10.31"]
[SourceVersion "1"]
[SourceVersionDate "2019.10.31"]
[SourceQuality "1"]

1. e4 c5 2. Nc3 Nc6 3. g3 g6 4. Bg2 Bg7 5. Nge2 d6 6. h3 Rb8 7. a4 e6 8. 0-0 Nge7 9. f4 0-0 10. d3 b6 11. g4 f5 12. Ng3 Bb7 13. Kh2 Qd7 14. Nce2 Rbd8 15. c3 Na5 16. Rg1 Kh8 17. b3 b5 18. Ra2 bxa4 19. Rxa4 Qb5 20. b4 Nac6 21. c4 Qb6 22. b5 Nb4 23. Be3 a5 24. d4 Qc7 25. gxf5 exf5 26. d5 fxe4 27. Bxe4 Bc8 28. Qb1 Rde8 29. Bc1 Nf5 30. Bb2 Nxg3 31. Nxg3 Rxf4 32. Bxg6 Rf2+ 33. Kh1 Rxb2 34. Qxb2 Bxb2 35. Bxe8 Qe7 36. Rxa5 Qxe8 37. Ra8 Qd7 38. Rg2 Qb7 39. Rxc8+ Qxc8 40. b6 Qxh3+ 41. Kg1 Bd4+ 42. Kf1 Na6 43. b7 Nb8 0-1

[Event "Chigorin Memorial 26th"]
[Site "St Petersburg"]
[Date "2018.11.03"]
[Round "8"]
[White "Dmitriev, Vladimir"]
[Black "Kombar, Mariya"]
[Result "1/2-1/2"]
[WhiteElo "2031"]
[BlackElo "1851"]
[PlyCount "139"]
[EventDate "2018.10.27"]
[EventType "swiss"]
[EventRounds "9"]
[EventCountry "RUS"]
[SourceTitle "CBM 187 Extra"]
[Source "ChessBase"]
[SourceDate "2018.11.04"]
[SourceVersion "1"]
[SourceVersionDate "2018.11.04"]
[SourceQuality "1"]

1. e4 c5 2. Nc3 Nc6 3. g3 g6 4. Bg2 Bg7 5. Nge2 d6 6. d3 e6 7. 0-0 Nge7 8. f4 0-0 9. g4 f5 10. h3 Rb8 11. a4 a6 12. Ng3 Qc7 13. Kh2 b5 14. axb5 axb5 15. exf5 gxf5 16. gxf5 Nxf5 17. Nxf5 Rxf5 18. Be4 Rf8 19. Qh5 Bd4 20. Bd2 b4 21. Nd1 d5 22. Bf3 Ne7 23. c3 bxc3 24. bxc3 Bg7 25. Rg1 Ng6 26. Qg5 Rf5 27. Qg3 Bh6 28. Bg4 Bxf4 29. Bxf4 Rxf4 30. Ra4 Rf7 31. Bh5 Qxg3+ 32. Rxg3 Rg7 33. Rag4 Kf7 34. Ne3 Rb3 35. Nd1 Bd7 36. Rg5 Be8 37. h4 Kf8 38. Bg4 Re7 39. h5 Nf4 40. Re5 Kf7 41. Rge3 Kf6 42. Kg3 Nxd3 43. Rxe6+ Rxe6 44. Rxe6+ Kf7 45. Re3 Bb5 46. Be6+ Kf6 47. Bxd5 Rb1 48. Re6+ Kg5 49. Bf3 Ba4 50. Ne3 Rc1 51. Nd5 Bb3 52. Rd6 Ne5 53. Be4 Bxd5 54. Rxd5 Rxc3+ 55. Kg2 Kf4 56. Bxh7 Nc4 57. Kf2 Ne3 58. Rd8 Ng4+ 59. Ke2 Re3+ 60. Kd2 Re5 61. Bg6 Kg5 62. Rg8 Nf6 63. Rh8 Rd5+ 64. Kc3 Rd4 65. Rc8 Nd5+ 66. Kb3 c4+ 67. Rxc4 Rxc4 68. Kxc4 Nf4 69. Kd4 Nxg6 70. hxg6 1/2-1/2

[Event "Chigorin Memorial 26th"]
[Site "St Petersburg"]
[Date "2018.11.02"]
[Round "7"]
[White "Sorokin, Artem"]
[Black "Dmitriev, Vladimir"]
[Result "1-0"]
[WhiteElo "1701"]
[BlackElo "2031"]
[PlyCount "119"]
[EventDate "2018.10.27"]
[EventType "swiss"]
[EventRounds "9"]
[EventCountry "RUS"]
[SourceTitle "CBM 187 Extra"]
[Source "ChessBase"]
[SourceDate "2018.11.04"]
[SourceVersion "1"]
[SourceVersionDate "2018.11.04"]
[SourceQuality "1"]

1. e4 c6 2. d4 d5 3. e5 Bf5 4. Nf3 e6 5. Be2 c5 6. c3 Nc6 7. 0-0 Qb6 8. dxc5 Bxc5 9. b4 Be7 10. Be3 Qc7 11. Qa4 Kf8 12. b5 Nxe5 13. b6 Nxf3+ 14. Bxf3 Qc6 15. Qxc6 bxc6 16. bxa7 c5 17. c4 Rxa7 18. cxd5 Nf6 19. dxe6 fxe6 20. Rc1 Nd7 21. Nc3 Kf7 22. a4 Bf6 23. Ra2 Rb8 24. Ne4 Be7 25. Ng3 Bd3 26. h3 Rb4 27. a5 Rb5 28. Bc6 Rb1 29. Rxb1 Bxb1 30. Ra1 Ne5 31. Be4 Bd3 32. Bxd3 Nxd3 33. Ne4 Ra6 34. Kf1 c4 35. Bd2 e5 36. Bc3 Ke6 37. Ra4 Kd5 38. Nd2 Rf6 39. f3 Nc5 40. Rxc4 Rc6 41. Bb4 Bg5 42. Rxc5+ Rxc5 43. Bxc5 Bxd2 44. Bb6 Kc6 45. Ke2 Bg5 46. g3 Kb5 47. Kd3 Be7 48. Ke4 Bd6 49. h4 g6 50. g4 h5 51. gxh5 gxh5 52. Bd8 Bb8 53. Kf5 Kc6 54. Bb6 Bd6 55. Kg5 Be7+ 56. Kxh5 Kd5 57. a6 Kc6 58. a7 Kb7 59. Be3 Bd8 60. Kg4 1-0

[Event "Chigorin Memorial 26th"]
[Site "St Petersburg"]
[Date "2018.10.28"]
[Round "2"]
[White "Dmitriev, Vladimir"]
[Black "Lekhtonen, Yaroslav"]
[Result "1-0"]
[WhiteElo "2031"]
[BlackElo "1639"]
[PlyCount "47"]
[EventDate "2018.10.27"]
[EventType "swiss"]
[EventRounds "9"]
[EventCountry "RUS"]
[SourceTitle "CBM 187 Extra"]
[Source "ChessBase"]
[SourceDate "2018.11.04"]
[SourceVersion "1"]
[SourceVersionDate "2018.11.04"]
[SourceQuality "1"]

1. e4 c5 2. Nc3 Nc6 3. g3 g6 4. Bg2 Bg7 5. Nge2 e6 6. d3 Nge7 7. Be3 d6 8. Qd2 Rb8 9. Bh6 Bf6 10. a4 Nd4 11. 0-0 b6 12. Rae1 Bb7 13. f4 Ng8 14. Bg5 Bxg5 15. fxg5 h6 16. Nxd4 cxd4 17. Qf4 Qd7 18. Nb5 e5 19. Nxd6+ Qxd6 20. Qxf7+ Kd8 21. Qg7 Bc6 22. Qxh8 Kc7 23. Qg7+ Ne7 24. Rf7 1-0